000 00542nam a2200217Ia 4500
003 OSt
005 20220926042115.0
006 a|||||r|||| 00| 0
007 ta
008 220923b |||||||| |||| 00| 0 eng d
037 _cGeneral Book
040 _aRTL
_cRTL
_beng
041 _2eng
_aeng
082 _aU18:M95(D:28), J3
100 _aWalker F
_992476
245 0 _aGeography from the air
260 _c1953
650 _aGeography
942 _hU18:M95(D:28), J3
_cGB
_2CC
999 _c668865
_d668865